Stati che confinano con il Ciad - Statistics

Statistiche generali
  • Questo quiz è stato fatto 13 volte
  • Il punteggio medio è 6 su 6
Statistiche sulle risposte
Superficie (km²) Popolazione (ab.) Lunghezza confine (km) Stato % Corretto
1 759 540 6 871 587 1 050 Libia
100%
1 267 000 22 772 361 1 175 Niger
100%
622 984 5 990 855 1 556 Repubblica Centrafricana
100%
1 844 797 41 682 000 1 403 Sudan
100%
923 768 215 548 400 87 Nigeria
80%
475 440 26 545 863 1 094 Camerun
70%
Nessun quiz corrispondente trovato
Distribuzione punteggi
Percentuale di utenti per punteggio
Percentile per numero di risposta
I tuoi punteggi nel tempo
Non hai fatto questo quiz